LEADER 02793nam 2200553 450 001 996213078003316 005 20170815112940.0 010 $a1-85418-518-7 035 $a(CKB)1000000000336956 035 $a(EBL)308950 035 $a(OCoLC)171581637 035 $a(SSID)ssj0000079427 035 $a(PQKBManifestationID)12015209 035 $a(PQKBTitleCode)TC0000079427 035 $a(PQKBWorkID)10076472 035 $a(PQKB)10227481 035 $a(MiAaPQ)EBC308950 035 $a(EXLCZ)991000000000336956 100 $a20181009d1999 uy 0 101 0 $aeng 135 $aur|n|---||||| 181 $ctxt 182 $cc 183 $acr 200 10$aEmployers' liability and industrial diseases /$fFred Collins 205 $a2nd ed. 210 1$aLondon :$cHawksmere,$d[1999] 215 $a1 online resource (152 p.) 300 $aIncludes index. 311 $a1-85418-168-8 327 $aAbout the author; Contents; Introduction; Chapter 1: The duties of an employer; Chapter 2: The statutory duties of an employer; Chapter 3: Industrial diseases and the causes; Chapter 4: The investigation of disease claims; Chapter 5: Limitation in relation to employers liabilities; Chapter 6: Employers liability insurance; Chapter 7: Compulsory insurance provisions; Chapter 8: Agreements and understandings; Chapter 9: Compensation and damages; Chapter 10 Defences and the handling of claims; Chapter 11 Litigation procedure; Chapter 12: Claims estimating 327 $aChapter 13: Current problems in EL insuranceAppendix A: List of Cases; Appendix B: Table of Statutes; Index 330 $aLevels of damages in employers' liability claims have risen faster than inflation. In fact, they are hitting startling levels and the upward spiral is continuing. No one concerned with EL claims can afford to fall short of the knowledge and expertise required to handle such claims effectively. There is too much to lose on both sides of every such claim. The second edition of this Report is a must-have, must-read for all those responsible for advising not only insured and insurers but also claimants. It includes the latest information on the compulsory insurance regulations of 1998. Fred Colli 606 $aEmployers' liability insurance$zGreat Britain 606 $aSocial security$zGreat Britain 606 $aIndustrial hygiene$zGreat Britain 608 $aElectronic books. 615 0$aEmployers' liability insurance 615 0$aSocial security 615 0$aIndustrial hygiene 676 $a368.56 700 $aCollins$b Fred$01018107 801 0$bMiAaPQ 801 1$bMiAaPQ 801 2$bMiAaPQ 906 $aBOOK 912 $a996213078003316 996 $aEmployers' liability and industrial diseases$92399829 997 $aUNISA LEADER 00963nlm 2200301Ia 450 001 996509267003316 005 20230223145128.0 100 $a19850813d1648---- uy | 101 0 $aeng 102 $aUK 135 $adrcnu 200 1 $a<> paraphrase upon the divine poems$fby George Sandys 210 1 $a[London?$cs.n.]$d1648 215 $aTesto elettronico (PDF) ([31], 63 p., [13], 224, 17, 11, 27 p.) 230 $aBase dati testuale 300 $aLuogo di pubblicazione dalle impronte NUC precedenti al 1956 300 $aRiproduzione dell'originale nella British Library 300 $aAltri contributori: Lawes, Henry, 1596-1662 606 0 $aSalteri$2BNCF 676 $a264.15 700 1$aSANDYS,$bGeorge$f1578-1644.$0709605 701 1$aLAWES,$bHenry$f1596-1662.$01002374 801 0$aIT$bcba$cREICAT 912 $a996509267003316 959 $aEB 969 $aER 996 $aParaphrase upon the divine poems$93009017 997 $aUNISA LEADER 04365oam 2200709I 450 001 9910153190003321 005 20240501164238.0 010 $a9781315298511 010 $a1-315-29847-3 010 $a1-315-29851-1 010 $a1-315-29850-3 024 7 $a10.4324/9781315298511 035 $a(CKB)3710000000960763 035 $a(MiAaPQ)EBC4748571 035 $a(OCoLC)967738278 035 $a(EXLCZ)993710000000960763 100 $a20180706d2017 uy 0 101 0 $aeng 135 $aurcnu|||||||| 181 $2rdacontent 182 $2rdamedia 183 $2rdacarrier 200 10$aFocus groups $eapplying communication theory through design, facilitation, and analysis /$fChristine S. Davis 205 $a1st ed. 210 1$aNew York :$cRoutledge,$d2017. 215 $a1 online resource (131 pages) $cillustrations 311 0$a1-138-23800-7 311 0$a1-138-23799-X 320 $aIncludes bibliographical references at the end of each chapters and index. 327 $a1. Focus group history and practice -- 2. Group dynamics and communication theories -- 3. Focus group study design -- 4. Facilitation guide -- 5. Facilitation tips and techniques -- 6. Group facilitation practice and feedback -- 7. Coding and analysis with discourse analysis -- 8. Taking it to the next level. 330 $aDespite the fact that focus groups are an ideal research tool for studying and employing group communication in action, many research practitioners and scholars have missed the opportunity to utilize them to their maximum benefit. Few researchers have the skills that enable them to approach focus group facilitation and analysis from a communication point of view. In this book, Dr. Christine Davis teaches readers how to take a project from an idea to the design, facilitation, and analysis stages. This book takes a unique communication perspective to apply group communication theories, knowledge of group processes, and a close discourse analysis approach to explain and understand the discursive aspect of focus groups. This book helps readers of all stages of experience - including those with no background in focus group research to those practitioners with more focus group expertise - understand how a communication approach to focus groups takes advantage of this discipline?s rich scholarship in group communication and discourse analysis. This book will teach readers how to a. understand the nature of focus group research procedures from a communication point of view; b. understand how to translate RQs into a focus group protocol; c. use knowledge of communication theory and group process to understand how to facilitate different kinds of focus groups, prevent and overcome challenges in focus group facilitation; and elicit different outcomes and techniques when facilitating a focus group;. use knowledge of communication theory and group process to recognize the merits of different approaches to focus group facilitation; e. use knowledge of communication theory and group process to recognize good- and poor-quality focus groups; f. understand how to transcribe/code/analyze focus group data from a communication (discursive) perspective; and g. understand how to write focus group findings. 606 $aCommunication$xResearch$xMethodology 606 $aFocus groups 606 $aCommunication$9fre$2ECLAS 606 $aFinances$9fre$2ECLAS 606 $aAffaires$9fre$2ECLAS 606 $aIndustrie des communications$9fre$2ECLAS 606 $aMéthodes de recherche$9fre$2ECLAS 606 $acommunications policy$9eng$2EUROVOC 606 $afinancing$9eng$2EUROVOC 606 $acommunications industry$9eng$2EUROVOC 606 $aresearch$9eng$2EUROVOC 615 0$aCommunication$xResearch$xMethodology. 615 0$aFocus groups. 615 7$aCommunication 615 7$aFinances 615 7$aAffaires 615 7$aIndustrie des communications 615 7$aMéthodes de recherche 615 7$acommunications policy. 615 7$afinancing. 615 7$acommunications industry. 615 7$aresearch. 676 $a302.20721 700 $aDavis$b Christine S.$092187 801 0$bMiAaPQ 801 1$bMiAaPQ 801 2$bMiAaPQ 906 $aBOOK 912 $a9910153190003321 996 $aFocus groups$92058532 997 $aUNINA